000 00450nam a2200169 a 4500
005 20140310183428.0
008 071219s19uu xx uuu eng d
020 _a0-8264-9087-5
050 _aLB 1025.3
_b.C385 2006
100 _aCarline, Brian
245 _aThe SAS guide to teaching.
_cBrian Carline
260 _aLondon :
_bContinuum,
_c2006.
300 _a147 p. :
_c 20 cm.
650 _aTeaching.
942 _cBK
_2lcc
_kFOR
999 _c22680
_d22680